| 000 | 00641nam a2200229 a 4500 | ||
|---|---|---|---|
| 005 | 20220622151419.0 | ||
| 008 | 041110s1999 mx r 000 0 spa d | ||
| 020 | _a9686941525 | ||
| 035 | _aUPN01000136308 | ||
| 049 | _aCG | ||
| 050 | 4 |
_aPR6029 R8 _bM5 |
|
| 100 | 1 |
_aOrwell, George, _d1903-1950 |
|
| 245 | 1 | 0 | _a1984 / |
| 250 | _aGeorge Orwell ; tr. Rafael Vázquez Zamora. | ||
| 260 |
_aMéxico : _bDestino, _c1999. |
||
| 300 | _a304 p. | ||
| 440 | 0 |
_aDestinolibro ; _v54 |
|
| 534 |
_pTraducción de: _tNineteen eighty-four |
||
| 650 | 4 |
_aTotalitarismo _vNovela _9448 |
|
| 740 | 0 | _aMil novecientos ochenta y cuatro | |
| 905 | _aLibro | ||
| 999 |
_c108459 _d108459 |
||